Music Quiz

Random Music or Lyrics Quiz

Bohemian Rhapsody Quiz Stats

 Plays Quiz Updated Jan 30, 2012

     
Support Sporcle.
Go Orange.
Score 0/46 Timer 10:00
3 Plays Today
Line Answer % Correct
Is this the real life?..Is this just fantasy?
86.1%
Caught in a landslide..no escape from reality
83.7%
Cause I'm easy come, easy goLittle high, little low
83.3%
Put a gun against his headpulled my trigger now he's dead
83.2%
Mamajust killed a man
81.3%
If I'm not back againthis time tomorrow
76%
But now I've gone andthrown it all away
75.1%
Galileo!Galileo!
73.9%
Galileo!Galileo!
73.5%
Mamalife had just begun
73%
Open your eyes..look up to the skies and see
70.6%
I'm just a poor boyI need no sympathy
70.1%
I sometimes wish I'd neverbeen born at all
69.4%
He's just a poor boyfrom a poor family
68.1%
Goodbye everybodyI've got to go
66.4%
Anyway the wind blowsdoesn't really matter to me, to me
65.4%
I'm just a poor boynobody loves me
65.1%
Mama, oooooooohhhdidn't mean to make you cry
63.4%
Too latemy time has come
63.3%
Gotta leave you all behindand face the truth
59.1%
Easy come, easy gowill you let me go
58.4%
Sends shivers down my spinebody's aching all the time
55.9%
Spare him his lifefrom this monstrosity
52.5%
Line Answer % Correct
Thunderbolt and lightningvery, very frightening me
51.6%
Mama, oooooohhhhI don't want to die
50.1%
For meFor meeeeeeeeeeeee
50.1%
Anyway the windblows
49.4%
So you think you can love meand leave me to die
49.4%
I see a littlesilhouetto of a man
48.2%
So you think you can stone meand spit in my eye
45%
Just gotta get outjust gotta get right out of here
45%
Scaramouche, scaramouchewill you do the fandango
44.7%
Will not let you golet me go
42.9%
Will not let you golet me go
42.8%
Mama mia, mama miamama mia let me go
42.4%
Nothing really mattersanyone can see
38.3%
Carry on, carry onas if nothing really matters
38%
Nothing really matters,nothing really matters, to me
37.8%
No no no nono no no
36.8%
Beelzebub has a devil put aside for me
36.2%
Bismillah! No!we will not let you go, let him go!
35.1%
Oh babycan't do this to me baby
34.3%
Bismillah! No!we will not let you go, let him go!
34.2%
Galileo!figaro, magnifico
29.4%
-- Guitarist's name --Brian May
27.3%
Bismillah! No!we will not let you go, let me go!
20.2%

From the Vault

TIME Cover Stories: Musicians

by hatefulmissy

Music 6m
Think you just played a fun quiz? This quiz will trump it.
Remove Ads.
Support Sporcle.
Get the best of Sporcle when you Go Orange. This ad-free experience offers more features, more stats, and more fun while also helping to support Sporcle. Thank you for becoming a member.

Show Comments

Extras

Top Quizzes Today


Score Distribution

Your Account Isn't Verified!

In order to create a playlist on Sporcle, you need to verify the email address you used during registration. Go to your Sporcle Settings to finish the process.

Report this User

Report this user for behavior that violates our Community Guidelines.

Details: